Listed building enforcement: resolution by informal notice? (Record no. 71188)

MARC details
000 -LEADER
fixed length control field 01014cam a2200217 4500
001 - CONTROL NUMBER
control field ABS65908
008 - FIXED-LENGTH DATA ELEMENTS--GENERAL INFORMATION
fixed length control field 020920n2002 000 0 eng u
035 ## - SYSTEM CONTROL NUMBER
System control number (Sirsi) u119767
100 ## - MAIN ENTRY--PERSONAL NAME
Personal name Kindred, B
245 ## - TITLE STATEMENT
Title Listed building enforcement: resolution by informal notice?
260 ## - PUBLICATION, DISTRIBUTION, ETC.
Date of publication, distribution, etc. 2002
490 ## - SERIES STATEMENT
Series statement Context
Volume/sequential designation (75) July 2002, 33-34(2)
520 ## - SUMMARY, ETC.
Summary, etc. Suggests that the enforcement of planning controls in the historic environment, and the general weak relationship of effective enforcement, conservation and development control, are clearly admitted weaknesses of the present system, identified by best value. Submits a number of ways a local authority can achieve best practice to save some deployment of conservation and enforcement resources elsewhere.
590 ## - LOCAL NOTE (RLIN)
Local note ABS
650 ## - SUBJECT ADDED ENTRY--TOPICAL TERM
Topical term or geographic name entry element DEVELOPMENT CONTROL
650 ## - SUBJECT ADDED ENTRY--TOPICAL TERM
Topical term or geographic name entry element ENFORCEMENT
650 ## - SUBJECT ADDED ENTRY--TOPICAL TERM
Topical term or geographic name entry element PLANNING CONTROL
650 ## - SUBJECT ADDED ENTRY--TOPICAL TERM
Topical term or geographic name entry element BEST VALUE
690 ## - LOCAL SUBJECT ADDED ENTRY--TOPICAL TERM (OCLC, RLIN)
Topical term or geographic name as entry element BUILT ENVIRONMENT-BUILDING MAINTENANCE AND REFURBISHMENT-BUILDING CONSERVATION
942 ## - ADDED ENTRY ELEMENTS (KOHA)
Suppress in OPAC 0
Holdings
Withdrawn status Lost status Source of classification or shelving scheme Damaged status Not for loan Home library Current library Shelving location Date acquired Total Checkouts Full call number Barcode Date last seen Copy number Price effective from Koha item type
    Dewey Decimal Classification     London London Journal article 20/09/2002   ABS65908 119767-1001 06/08/2019 1 06/08/2019 Journal article